[Event "Hum na Sutli op 13th"]
[Site "Hum na Sutli"]
[Date "2019.08.31"]
[Round "9"]
[White "Golubicic, Luka"]
[Black "Medic, Mirjana"]
[Result "0-1"]
[WhiteElo "1867"]
[BlackElo "2186"]
[PlyCount "55"]
[EventDate "2019.08.24"]
[EventType "swiss"]
[EventRounds "9"]
[EventCountry "CRO"]
[SourceTitle "EXT 2020"]
[Source "ChessBase"]
[SourceDate "2019.10.17"]
[SourceVersion "1"]
[SourceVersionDate "2019.10.17"]
[SourceQuality "1"]

1. d4 e6 2. Nc3 d5 3. e4 Nf6 4. Bg5 Be7 5. exd5 exd5 6. Bd3 Nc6 7. Nce2 Ne4 8. Bxe4 Bxg5 9. Bd3 Be6 10. Nf3 Be7 11. c3 Bd6 12. Ng3 g6 13. Qd2 Qf6 14. Qg5 Qxg5 15. Nxg5 Bd7 16. 0-0 0-0 17. Rae1 Bf4 18. Nf3 a6 19. Ne2 Bd6 20. h3 Kg7 21. Nh2 f6 22. f4 Rae8 23. Rf3 Re7 24. Ref1 Rfe8 25. R1f2 Na5 26. Nf1 Bb5 27. Bxb5 axb5 28. b3 0-1

[Event "Hum na Sutli op 13th"]
[Site "Hum na Sutli"]
[Date "2019.08.24"]
[Round "1"]
[White "Rogulj, Branko"]
[Black "Golubicic, Luka"]
[Result "1-0"]
[WhiteElo "2410"]
[BlackElo "1867"]
[PlyCount "85"]
[EventDate "2019.08.24"]
[EventType "swiss"]
[EventRounds "9"]
[EventCountry "CRO"]
[SourceTitle "EXT 2020"]
[Source "ChessBase"]
[SourceDate "2019.10.17"]
[SourceVersion "1"]
[SourceVersionDate "2019.10.17"]
[SourceQuality "1"]

1. e4 c6 2. d4 d5 3. e5 Bf5 4. Nf3 e6 5. Be2 Nd7 6. 0-0 h6 7. Nbd2 Qc7 8. Re1 Ne7 9. c3 g5 10. b4 Bg7 11. Nb3 0-0-0 12. a4 f6 13. exf6 Bxf6 14. Be3 Kb8 15. Nc5 Nxc5 16. bxc5 g4 17. Nd2 h5 18. Nf1 e5 19. a5 a6 20. dxe5 Bxe5 21. Bd4 Bxd4 22. cxd4 Ng6 23. Qb3 Ka8 24. Bd3 Bxd3 25. Qxd3 Nf4 26. Qd2 Qf7 27. Re5 Rhg8 28. Ng3 Nh3+ 29. gxh3 gxh3 30. Qe2 h4 31. Ra3 hxg3 32. hxg3 h2+ 33. Kh1 Rdf8 34. Rae3 Qg6 35. Qe1 Qf7 36. f4 Qg6 37. Rg5 Qf6 38. Rxg8 Rxg8 39. Re8+ Rxe8 40. Qxe8+ Ka7 41. Qe5 Qh6 42. f5 Qh5 43. f6 1-0

[Event "Bosnjaci op 24th"]
[Site "Bosnjaci"]
[Date "2019.01.04"]
[Round "2"]
[White "Beletic, Daniel"]
[Black "Golubicic, Luka"]
[Result "1-0"]
[WhiteElo "2371"]
[BlackElo "1933"]
[PlyCount "49"]
[EventDate "2019.01.03"]
[EventType "swiss"]
[EventRounds "9"]
[EventCountry "CRO"]
[SourceTitle "CBM 188 Extra"]
[Source "ChessBase"]
[SourceDate "2019.02.26"]
[SourceVersion "1"]
[SourceVersionDate "2019.02.26"]
[SourceQuality "1"]

1. d4 d5 2. Bf4 e6 3. e3 Nf6 4. Nd2 c5 5. c3 Nc6 6. Ngf3 Be7 7. Ne5 Nxe5 8. dxe5 Nd7 9. h4 Qc7 10. Qg4 0-0 11. Nf3 Re8 12. Bd3 Qb6 13. Rb1 f5 14. Qh5 g6 15. Qh6 Bf8 16. Qg5 Qd8 17. Qg3 Bg7 18. h5 Nf8 19. hxg6 Nxg6 20. Qh3 Nxf4 21. exf4 h6 22. g4 fxg4 23. Qxg4 Rf8 24. Rxh6 Rxf4 25. Qxf4 1-0

[Event "Osijek op 10th"]
[Site "Osijek"]
[Date "2017.02.26"]
[Round "7"]
[White "Golubicic, Luka"]
[Black "Oreskovic, Pero"]
[Result "1/2-1/2"]
[WhiteElo "1913"]
[BlackElo "1975"]
[PlyCount "121"]
[EventDate "2017.02.23"]
[EventType "swiss"]
[EventRounds "7"]
[EventCountry "CRO"]
[SourceTitle "EXT 2019"]
[Source "ChessBase"]
[SourceDate "2018.10.10"]
[SourceVersion "1"]
[SourceVersionDate "2018.10.10"]
[SourceQuality "1"]

1. e4 c5 2. Nf3 d6 3. d4 cxd4 4. Qxd4 Nc6 5. Bb5 Bd7 6. Bxc6 Bxc6 7. Nc3 e5 8. Qd3 Nf6 9. Bg5 Be7 10. 0-0-0 Qa5 11. Bxf6 gxf6 12. Kb1 0-0-0 13. Qc4 Rd7 14. Qxf7 Rc7 15. Qb3 Kb8 16. Nd5 Bxd5 17. Rxd5 Qa6 18. Re1 Rhc8 19. c3 Rc6 20. Rb5 Rc4 21. Nd2 R4c7 22. f3 Qc6 23. Nf1 Qe8 24. Ne3 Qh5 25. Nd5 Rd7 26. h3 f5 27. Rd1 Bd8 28. Qc2 f4 29. a4 Qg5 30. Nb4 Qg8 31. Nd5 Rg7 32. Rd2 Qe8 33. Nb4 Qe6 34. Rbd5 Bc7 35. a5 a6 36. c4 Ka8 37. Nd3 Bb8 38. Qb3 Ba7 39. Rc2 Rgc7 40. Qb4 Bc5 41. Qa4 Bd4 42. Qb4 Rc6 43. c5 dxc5 44. Nxc5 Qf7 45. Rd7 Qxd7 46. Nxd7 Rxc2 47. Nb6+ Bxb6 48. axb6 Rxg2 49. Qd6 Rg6 50. Qxe5 Rxb6 51. Qxf4 Rg8 52. e5 Rg2 53. Qd4 Rbxb2+ 54. Qxb2 Rxb2+ 55. Kxb2 Kb8 56. f4 Kc7 57. f5 Kd7 58. e6+ Kd6 59. Kc3 b5 60. Kb4 h6 61. Ka5 1/2-1/2

[Event "CRO-chT U20 25th"]
[Site "Sv Filip i Jakov"]
[Date "2016.03.23"]
[Round "5.3"]
[White "Golubicic, Luka"]
[Black "Cvitan, Ena"]
[Result "0-1"]
[WhiteElo "1963"]
[BlackElo "2045"]
[PlyCount "28"]
[EventDate "2016.03.21"]
[EventType "team-tourn"]
[EventRounds "9"]
[EventCountry "CRO"]
[SourceTitle "CBM 171 Extra"]
[Source "ChessBase"]
[SourceDate "2016.04.26"]
[SourceVersion "1"]
[SourceVersionDate "2016.04.26"]
[SourceQuality "1"]

1. b3 e5 2. e3 d5 3. Bb2 Nd7 4. c4 Ngf6 5. cxd5 Nxd5 6. Nc3 c6 7. Nxd5 cxd5 8. Bb5 Bd6 9. Qf3 0-0 10. Qxd5 Nf6 11. Qf3 Bg4 12. Qg3 Bb4 13. Bc1 Bxd2+ 14. Kf1 Bc3 0-1

[Event "Mediterranean op 8th"]
[Site "Rijeka"]
[Date "2015.12.12"]
[Round "9"]
[White "Golubicic, Luka"]
[Black "Pridigar, Lovro"]
[Result "1-0"]
[WhiteElo "1982"]
[BlackElo "1921"]
[PlyCount "89"]
[EventDate "2015.12.05"]
[EventType "swiss"]
[EventRounds "9"]
[EventCountry "CRO"]
[SourceTitle "CBM 169 Extra"]
[Source "ChessBase"]
[SourceDate "2015.12.18"]
[SourceVersion "1"]
[SourceVersionDate "2015.12.18"]
[SourceQuality "1"]

1. b3 d5 2. Bb2 c5 3. e3 Nc6 4. Bb5 Bd7 5. Ne2 a6 6. Bxc6 Bxc6 7. 0-0 Nf6 8. d3 e6 9. Nd2 Bd6 10. h3 0-0 11. Nf3 Qc7 12. Bxf6 gxf6 13. d4 b6 14. a4 a5 15. Qd2 Kh8 16. Nf4 Bxf4 17. exf4 Rg8 18. dxc5 bxc5 19. Ne1 Rg7 20. g3 Rag8 21. Kh2 e5 22. Ng2 d4 23. Rae1 Bxg2 24. Kxg2 exf4 25. g4 f3+ 26. Kxf3 f5 27. gxf5 Qh2 28. Ke2 Qe5+ 29. Kd1 Qxf5 30. Kc1 Qxh3 31. Qxa5 d3 32. Qc3 Qh6+ 33. Re3 dxc2 34. Rg1 f6 35. Rxg7 Qxg7 36. Kxc2 Qg6+ 37. Kb2 h5 38. Rg3 Qh6 39. Rxg8+ Kxg8 40. a5 h4 41. a6 f5 42. a7 Qc6 43. Qe5 Qa6 44. Qd5+ Kg7 45. a8Q 1-0

[Event "Hum na Sutli op 9th"]
[Site "Hum na Sutli"]
[Date "2015.08.29"]
[Round "2"]
[White "Golubicic, Luka"]
[Black "Bobanac, Miro"]
[Result "0-1"]
[WhiteElo "2001"]
[BlackElo "2283"]
[PlyCount "48"]
[EventDate "2015.08.28"]
[EventType "swiss"]
[EventRounds "9"]
[EventCountry "CRO"]
[SourceTitle "EXT 2016"]
[Source "ChessBase"]
[SourceDate "2015.10.08"]
[SourceVersion "1"]
[SourceVersionDate "2015.10.08"]
[SourceQuality "1"]

1. d4 Nf6 2. Nf3 d6 3. c4 g6 4. Nc3 Bg7 5. e3 0-0 6. Be2 Nbd7 7. 0-0 e5 8. dxe5 dxe5 9. Qc2 c6 10. b4 Re8 11. e4 Qc7 12. a4 Nf8 13. Rd1 Ne6 14. Rb1 Nd4 15. Nxd4 exd4 16. Rxd4 Ng4 17. Bxg4 Bxd4 18. Bxc8 Raxc8 19. Ne2 Bg7 20. Bf4 Be5 21. Bxe5 Qxe5 22. f3 Rcd8 23. Rd1 c5 24. bxc5 Qxc5+ 0-1

[Event "Bosnjaci op 20th"]
[Site "Bosnjaci"]
[Date "2015.01.04"]
[Round "2"]
[White "Golubicic, Luka"]
[Black "Stocko, Josip"]
[Result "0-1"]
[WhiteElo "2017"]
[BlackElo "2327"]
[PlyCount "31"]
[EventDate "2015.01.03"]
[EventType "swiss"]
[EventRounds "9"]
[EventCountry "CRO"]
[SourceTitle "CBM 164 Extra"]
[Source "ChessBase"]
[SourceDate "2015.03.02"]
[SourceVersion "1"]
[SourceVersionDate "2015.03.02"]
[SourceQuality "1"]

1. e4 c5 2. c3 Nf6 3. e5 Nd5 4. g3 Nc6 5. Nf3 d6 6. exd6 e5 7. d4 cxd4 8. cxd4 exd4 9. Nxd4 Bxd6 10. Nxc6 bxc6 11. Nc3 0-0 12. Nxd5 cxd5 13. Be2 Bh3 14. a3 Re8 15. Be3 Qf6 16. Bd4 0-1

[Event "CRO-chT U20 23rd"]
[Site "Sv Filip i Jakov"]
[Date "2014.04.15"]
[Round "4.5"]
[White "Golubicic, Luka"]
[Black "Batory, Lucija"]
[Result "1/2-1/2"]
[WhiteElo "1895"]
[BlackElo "1610"]
[PlyCount "73"]
[EventDate "2014.04.14"]
[EventType "team-tourn"]
[EventRounds "11"]
[EventCountry "CRO"]
[SourceTitle "EXT 2016"]
[Source "ChessBase"]
[SourceDate "2015.10.08"]
[SourceVersion "1"]
[SourceVersionDate "2015.10.08"]
[SourceQuality "1"]

1. e4 d5 2. exd5 Qxd5 3. Nc3 Qd6 4. g3 Nf6 5. Bg2 c6 6. Nge2 e5 7. d4 exd4 8. Qxd4 Qxd4 9. Nxd4 Be7 10. 0-0 Be6 11. Nxe6 fxe6 12. Re1 Kf7 13. Bg5 Nbd7 14. Bxf6 Nxf6 15. Rad1 Nd5 16. Nxd5 exd5 17. Re2 Rae8 18. Rde1 Bf6 19. Rxe8 Rxe8 20. Rxe8 Kxe8 21. b3 Ke7 22. Kf1 Kd6 23. Ke2 b6 24. h3 c5 25. Kd3 a5 26. a4 h6 27. g4 d4 28. f4 g5 29. fxg5 hxg5 30. Ke4 Ke6 31. Bf1 Bd8 32. Bc4+ Kd6 33. Kf5 Be7 34. Bb5 Bd8 35. Ke4 Be7 36. Kf3 Ke5 37. Bc6 1/2-1/2

[Event "Vukovar Srijem CupT 6th"]
[Site "Tompojevci"]
[Date "2013.03.09"]
[Round "2.4"]
[White "Golubicic, Luka"]
[Black "Gutic, Stjepan"]
[Result "1-0"]
[WhiteElo "1771"]
[BlackElo "1820"]
[PlyCount "71"]
[EventDate "2013.03.08"]
[EventType "team-swiss"]
[EventRounds "5"]
[EventCountry "CRO"]
[SourceTitle "EXT 2014"]
[Source "ChessBase"]
[SourceDate "2013.11.20"]
[SourceVersion "1"]
[SourceVersionDate "2013.11.20"]
[SourceQuality "1"]
[WhiteTeam "Bosnjaci"]
[BlackTeam "Komletinci"]
[WhiteTeamCountry "CRO"]
[BlackTeamCountry "CRO"]

1. e3 c5 2. b3 Nf6 3. Bb2 Nc6 4. f4 d6 5. Nf3 g6 6. Be2 Bg7 7. 0-0 0-0 8. a3 a6 9. Qe1 Re8 10. h3 Bf5 11. d3 Qc8 12. e4 Bd7 13. Qh4 Nd4 14. Bd1 Nh5 15. Bxd4 Bxd4+ 16. Nxd4 cxd4 17. Rf2 Ng7 18. g4 f6 19. Ra2 b5 20. c4 dxc3 21. Rac2 b4 22. axb4 Qb7 23. Nxc3 Qxb4 24. Nd5 Qe1+ 25. Kh2 Qxd1 26. e5 Qxd3 27. Rfd2 Qf1 28. exf6 e6 29. Ne7+ Rxe7 30. Rf2 Qb5 31. fxe7 a5 32. Qf6 Qb8 33. h4 Qe8 34. Rc7 Rb8 35. Rfc2 Rxb3 36. Rxd7 1-0

[Event "Bosnjaci op 17th"]
[Site "Bosnjaci"]
[Date "2012.01.06"]
[Round "6"]
[White "Golubicic, Luka"]
[Black "Horvat, Zeljko"]
[Result "0-1"]
[WhiteElo "1688"]
[BlackElo "2124"]
[PlyCount "62"]
[EventDate "2012.01.03"]
[EventType "swiss"]
[EventRounds "9"]
[EventCountry "CRO"]
[SourceTitle "CBM 146 Extra"]
[Source "ChessBase"]
[SourceDate "2012.02.29"]
[SourceVersion "1"]
[SourceVersionDate "2012.02.29"]
[SourceQuality "1"]

1. e4 d6 2. d4 Nf6 3. Nc3 g6 4. g3 Bg7 5. Bg2 0-0 6. Nge2 Nc6 7. h3 e5 8. Be3 Bd7 9. 0-0 a6 10. Qd2 Qe8 11. d5 Ne7 12. g4 Kh8 13. Ng3 Nfg8 14. g5 f6 15. f4 exf4 16. Bxf4 f5 17. Rae1 fxe4 18. Ncxe4 Qc8 19. Kh2 Nf5 20. Nxf5 Bxf5 21. Ng3 Qd7 22. c3 Ne7 23. Re2 Rf7 24. Rfe1 Raf8 25. Be3 c5 26. Rf2 Kg8 27. Bf4 Qd8 28. Bf1 Nc8 29. Bg2 Bd7 30. Kh1 Be5 31. Bxe5 Rxf2 0-1

[Event "CRO-chT U20 20th"]
[Site "Sv Filip i Jakov"]
[Date "2011.04.30"]
[Round "10"]
[White "Golubicic, Luka"]
[Black "Havas, Juraj"]
[Result "0-1"]
[WhiteElo "1678"]
[BlackElo "1954"]
[PlyCount "54"]
[EventDate "2011.04.26"]
[EventType "team-tourn"]
[EventRounds "11"]
[EventCountry "CRO"]
[SourceTitle "EXT 2012"]
[Source "ChessBase"]
[SourceDate "2011.11.24"]
[SourceVersion "1"]
[SourceVersionDate "2011.11.24"]
[SourceQuality "1"]

1. Nf3 Nf6 2. g3 g6 3. Bg2 Bg7 4. d3 d6 5. 0-0 0-0 6. e4 c5 7. c3 Nc6 8. h3 Qc7 9. Be3 Rb8 10. a4 a6 11. Na3 b5 12. axb5 axb5 13. c4 bxc4 14. Nxc4 Be6 15. Nfd2 Nb4 16. Qe2 Nc2 17. Rac1 Nxe3 18. Qxe3 Nd7 19. b3 Qa7 20. Rc2 Ne5 21. Qe2 Nc6 22. Qd1 Nb4 23. Nb1 Nxc2 24. Qxc2 Rb4 25. f4 Rfb8 26. Nbd2 Qd7 27. g4 f5 0-1

[Event "CRO-chT U20 20th"]
[Site "Sv Filip i Jakov"]
[Date "2011.04.27"]
[Round "3"]
[White "Dzaja, Martin Zorislav"]
[Black "Golubicic, Luka"]
[Result "1/2-1/2"]
[WhiteElo "1745"]
[BlackElo "1678"]
[PlyCount "49"]
[EventDate "2011.04.26"]
[EventType "team-tourn"]
[EventRounds "11"]
[EventCountry "CRO"]
[SourceTitle "EXT 2012"]
[Source "ChessBase"]
[SourceDate "2011.11.24"]
[SourceVersion "1"]
[SourceVersionDate "2011.11.24"]
[SourceQuality "1"]

1. e4 c6 2. d4 d5 3. exd5 cxd5 4. c4 Nf6 5. Nc3 Bf5 6. Qb3 Nc6 7. cxd5 Na5 8. Bb5+ Bd7 9. Qa4 a6 10. Bxd7+ Nxd7 11. Bf4 b5 12. Qd1 Nf6 13. d6 exd6 14. Nf3 Be7 15. d5 0-0 16. 0-0 Qd7 17. Qd3 Rac8 18. b4 Nc4 19. Rfe1 Rc7 20. Nd4 Rfc8 21. Nc6 Bf8 22. a4 Nxd5 23. axb5 Nxc3 24. Rxa6 Nxb5 25. Qxc4 1/2-1/2